000 01165nam a22003498a 4500
001 58232
003 CO-BoRNBP
005 20250820204925.0
007 ta
008 151203s2014 ck a gr 0001j spa d
020 _a9789583043628
040 _aCO-BoBLA
_bspa
_cCO-BoBLA
043 _as-ck---
082 0 4 _aI863.6
_bM35v
_221
084 _aC MEN1
100 1 _aMendoza Luna, Miguel,
_d1973-
_962706
245 1 0 _aVladimir el niño vampiro /
_cMiguel Mendoza Luna ; ilustrador Manuel Crespo.
250 _aEditora Diana López de Mesa O.
300 _a[44] páginas :
_bilustraciones ;
_c23 cm.
336 _2rdacontent
_atexto
_btxt
337 _2rdamedia
_asin mediación
_bn
338 _2rdacarrier
_avolumen
_bnc
490 1 _aColección OA infantil
650 7 _aCuentos infantiles colombianos.
_2BLAAUTO
650 7 _aVampiros
_vCuentos infantiles.
_2BLAAUTO
_962707
650 7 _aCuentos de terror.
_2BLAAUTO
_91077
700 1 _aCrespo, Manuel,
_eilustrador.
_962708
700 1 _aLópez de Mesa O., Diana,
_d1981-
_eeditora.
_962709
830 0 _aPrograma de catalogación en la publicación
942 _2ddc
_cBK
949 _an
_bn
999 _c58232
_d58232